The Outsiders-Justice For Tulsa Lyrics - Statistics

General Stats
  • This quiz has been taken 52 times
  • The average score is 474 of 580
Answer Stats
Answer % Correct
a
100%
i
100%
in
100%
at
96%
boy
96%
call
96%
came
96%
for
96%
me
96%
on
96%
one
96%
the
96%
there
96%
three
96%
around
93%
bloodiest
93%
ever
93%
fifteen
93%
left
93%
no
93%
see
93%
seen
93%
an
89%
and
89%
dead
89%
else
89%
he
89%
his
89%
if
89%
(if
89%
just
89%
lone
89%
mess
89%
so
89%
someone
89%
to
89%
who
89%
be
85%
cold
85%
eye
85%
from
85%
him
85%
it
85%
justice
85%
know
85%
of
85%
out
85%
they
85%
this
85%
town
85%
tulsa
85%
was
85%
where
85%
with
85%
alive
81%
body
81%
bring
81%
checked
81%
crooked
81%
dallas
81%
east
81%
eyes
81%
go
81%
grin
81%
have
81%
heard
81%
high
81%
i'm
81%
knows
81%
low
81%
lying
81%
night
81%
open
81%
prowling
81%
search
81%
side
81%
side)
81%
still
81%
there's
81%
theres
81%
we
81%
were
81%
west
81%
when
81%
why
81%
wide
81%
you
81%
(you
81%
all
78%
alone
78%
anything
78%
are
78%
as
78%
but
78%
could
78%
do
78%
doing
78%
don't
78%
face
78%
get
78%
give
78%
gonna
78%
got
78%
ground
78%
having
78%
heat
78%
knife
78%
life
78%
life)
78%
must
78%
my
78%
only
78%
put
78%
right
78%
switchblade
78%
than
78%
that
78%
things
78%
those
78%
twisted
78%
up
78%
what
78%
winston
78%
wouldn't
78%
your
78%
you're
78%
about
74%
almost
74%
always
74%
ask
74%
asking
74%
back
74%
better
74%
bob
74%
boys
74%
cherry
74%
clue
74%
couldn't
74%
dealt
74%
did
74%
didn't
74%
done
74%
down
74%
'em
74%
even
74%
five
74%
fun
74%
hell
74%
horsing
74%
hotter
74%
how
74%
is
74%
it's
74%
killed
74%
knew
74%
like
74%
man
74%
message
74%
need
74%
never
74%
or
74%
run
74%
saw
74%
seemed
74%
should
74%
that's
74%
think
74%
today
74%
too
74%
turning
74%
two
74%
way
74%
what's
74%
wrong
74%
after
70%
all-out
70%
anyone
70%
behind
70%
believe
70%
can't
70%
carry
70%
concession
70%
could've
70%
crazy
70%
crossed
70%
death
70%
declared
70%
die
70%
different
70%
drinking
70%
fight
70%
gone
70%
good
70%
greaser
70%
greasers
70%
guys
70%
hand
70%
hands
70%
hanging
70%
happened
70%
heart
70%
held
70%
here
70%
holding
70%
jealous
70%
kid
70%
known
70%
leave
70%
line
70%
lived
70%
looking
70%
lost
70%
mad
70%
nice
70%
not
70%
nothing
70%
officially
70%
park
70%
part
70%
pony
70%
real
70%
'round
70%
saturday
70%
scared
70%
secret
70%
senseless
70%
shakin'
70%
shit
70%
socs
70%
stand
70%
standing
70%
stayed
70%
surprised
70%
tell
70%
them
70%
they'd
70%
through
70%
tragedy
70%
understand
70%
undone
70%
us
70%
war
70%
went
70%
we've
70%
what'd
70%
wish
70%
cared
67%
next
67%
send
67%
share
67%
sit
67%
take
67%
trouble
67%
truly
67%
well
67%
loud
59%
pershing
48%
No matching quizzes found
Score Distribution
Percent of People with Each Score
Percentile by Number Answered
Your Score History
You have not taken this quiz